[Event "Benasque op 34th"]
[Site "Benasque"]
[Date "2014.07.11"]
[Round "8.8"]
[White "Ma, Zhonghan"]
[Black "Marin, Mihail"]
[Result "0-1"]
[WhiteElo "2459"]
[BlackElo "2579"]
[Annotator "Marin,M"]
[PlyCount "82"]
[EventDate "2014.07.04"]
[EventType "swiss"]
[EventRounds "9"]
[EventCountry "ESP"]
[SourceTitle "CBM 161"]
[Source "ChessBase"]
[SourceDate "2014.07.16"]
[SourceVersion "1"]
[SourceVersionDate "2014.07.16"]
[SourceQuality "1"]

1. Nf3 Nf6 2. c4 e6 3. Nc3 d5 4. d4 Nbd7 5. Bg5 h6 6. Bh4 Be7 7. e3 O-O 8. Rc1
b6 $5 {I have advocated this way of transposing to a supposedly (but,
according to my understanding, not really) inferior version of the Tartakower
setup in a video published with CBM 159, based on my rapid game with Lupulescu.
} 9. cxd5 exd5 10. Bd3 (10. Be2 Bb7 11. O-O c5 12. Qa4 {would transpose to an
entirely approved tabiya, see for instance Topalov,V (2740)-Kasparov,G (2825)
Sofia 1998 CBM 065 [Kostakiev,D] (0-1, 32)}) 10... Bb7 11. O-O c5 {An
important moment and actually a tabyia of this ystem. Black has superior pawn
control in the centre, but White relies on his piece pressure. The bishop
stands active on d3, keeping several possibilities, such as Bf5, Bb1 and Bb5.}
12. Bf5 {One of the most direct attempts to put Black's position under
pressure. I had it analyzed it for my repertoire with White some 30 years ago 
(see below), meaning that I considered Black's system to be crucial.} Re8 $1 {
I love the abstract logic of this move. Once White has given the possibility
of Bb5, the rook surely belongs on e8. Moreover, the control over the
e4-square is strengthened, avoiding certain tactical problems.} ({White's
ideas are revealed after such neutral moves as} 12... a6 13. Bxd7 Qxd7 ({
There is an incredibly old game with:} 13... Nxd7 14. Bxe7 Qxe7 15. dxc5 Qxc5
16. Nd4 $16 {Blackburne,J-Paulsen,L London 1862 (0-1, 55)}) 14. Bxf6 Bxf6 15.
dxc5 bxc5 16. Na4 (16. Ne4 $14 {is also strong, explaining why the rook stands
well on e8.}) 16... Qe7 ({Because of the insertion of ...a7-a6,} 16... c4 {
fails to} 17. Rxc4 $1 {since the pinning ...Ba6 is not possible anymore.}) 17.
Rxc5 d4 18. Nxd4 Qe4 19. Qf3 Qxd4 20. exd4 Bxf3 21. gxf3 Bxd4 {Volzhin,A (2510)
-Faibisovich,V (2400) Swidnica 1998 (1/2-1/2, 45)} 22. Rc6 $5 $14) ({An old
and unpublished game of mine went} 12... g6 13. Bxd7 Qxd7 14. Bxf6 Bxf6 15.
dxc5 bxc5 16. Ne4 $14 (16. Na4 c4 $11 17. Rxc4 $2 Ba6 18. Nc5 Qb5) 16... Qe7
17. Nxf6+ Qxf6 18. Rxc5 Qxb2 19. Qb3 ({In my archaic notes I have} 19. Qd4 $16
Qxa2 $140 20. Ne5 {which is entirely correct!}) 19... Qxb3 20. axb3 Rfc8 21.
Rfc1 (21. b4 $5 {Marin 1984}) 21... Rxc5 22. Rxc5 Rc8 23. Rxc8+ Bxc8 24. Kf1
Kf8 25. Ke1 Ke7 26. Kd2 a5 27. Ne5 Bd7 28. Kc3 Be8 29. Kd4 f6 30. Nd3 {1/2-1/2
Marin,M (2200)-Joita,P (2320) Bucuresti 1984. In those years, the solid
positional FIDE master Paul Joita was one of the trainers at my club,
Politehnica Bucuresti. I was a pupil of GM Theodor Ghitescu and had frequent
over the board battles of principle with Joita's pupils, mainly with Dragos
Dumitrache. One important discovery of Joita was that this type of ending was
not really dangerous for Black, based on a famous Flohr-Capablanca game in
which the Cuban managed to hold a draw despite White's creative inventiveness.
Yet, when including this system in my repertoire with Black, reaching such an
ending would only be the C-plan if plan A (keeping the hanging pawns) and B 
(getting an active version of Isolani) would for some reasons fail in the
middlegame.}) 13. Qa4 {This logical and active (yet almost never played)
developing move came as a surprize to me. Actually, not that much since while
my opponent was thinking I suddenly found myself asking: what would I do
against Qa4? While I was pondering on my answer in the absence of my opponent
some Chinese trainer (or maybe fan) took a photo of my opponent's scoresheet.
This is a bit unusual and probably illegal, too, but the position was too
interesating and had captured my interest that much that I did not take the
effort to get irritated.} ({My preparation mainly consisted of some vague
memories over the following game:} 13. Qc2 Nf8 14. Ne5 g6 15. Bd3 a6 16. f4 {
(Pillsbury)} Rc8 17. Bxf6 Bxf6 18. Qf2 Rc7 19. Rcd1 c4 20. Bb1 b5 21. a3 Nh7
22. e4 Bg7 23. f5 (23. exd5 Nf6) 23... g5 24. Ng4 $1 dxe4 {[24...f6 25.Qf3; >=
24...h5]} 25. f6 {Olafsson,F-Petrosian,T Bled/Zagreb/Belgrade 1959 Candidates 
[Bulletin] (1/2-1/2, 42)} Bc8 $1 $17) (13. b3 $5 {is an interesting attempt to
restrict the mobility of the hanging pawns.} Ne4 (13... g6 14. Bxd7 Qxd7 15.
Bxf6 Bxf6 16. dxc5 Rac8 $5) (13... Nf8 $5) 14. Bxe7 Rxe7 15. dxc5 Ndxc5 16. b4
Ne6 17. Bxe6 Rxe6 18. Nxe4 Rxe4 (18... dxe4 19. Qxd8+ Rxd8 20. Nd4 Re7 21. h4
$5) 19. Nd4 Ba6 20. b5 $14 {Bu,X (2640)-Zhang,Z (2640) Wuxi 2006 (1/2-1/2, 25)}
) (13. Rc2 {[%csl Gd5][%cal Gc2d2]} g6 14. Bh3 g5 15. Bxd7 Qxd7 16. Bg3 Qf5 17.
Rd2 Rad8 $132 {Nogueiras Santiago,J (2490)-Garcia,G (2415) Havana 1983 (0-1,
49)}) ({Finally, if} 13. dxc5 bxc5 14. Bxd7 Qxd7 15. Bxf6 Bxf6 {16.Ne4 is
impossible, while} 16. Na4 {allows} c4 {[%cal Gc1c4,Gb7a6]}) 13... Nf8 $146 {
I invested quite some time in this move, inspired from Petrosian's game above.}
({I did not really consider} 13... a6 {, preparing ...c5-c4, since I disliked
the position after} 14. dxc5 {. Later I dscovered there had been just one game
with it.} Nxc5 15. Qc2 Nfe4 16. Bxe7 Qxe7 17. Rfd1 {Neher,M-Osthof,A Baden
1996 (1/2-1/2, 20). This is a bearable version of the Isolani, since Black's
minor pieces are quite active. Still, it is a deviation from my plan A.}) ({
I do not remember the reasons why I rejected} 13... g6 {since after} 14. Bxd7
Nxd7 15. Bxe7 Qxe7 16. Rfd1 {Black has several playable moves, for instance}
Qe6 {[%cal Gg8g7]}) 14. Rfd1 g6 15. Bb1 Ne6 16. Qc2 $6 {Too straightforward
and in fact passive. The queen retreats without having been attacked or at
least inhibitew with ...a7-a6.} ({During the game I was considering mainly} 16.
dxc5 bxc5 17. Qb3 (17. Bxf6 Bxf6 18. Qb3 Rb8 $1 19. Nxd5 Bxd5 20. Qxd5 Qxd5 21.
Rxd5 Rxb2) 17... Qb6 18. Bxf6 Qxb3 19. axb3 Bxf6 20. Nxd5 Bxb2 21. Rc2 Bg7 {
and reached the conclsuiont hat Black is absolutely fine here. One important
problem for White is that he cannot transfer a knight to c4 easily, making his
queenside position unstable.}) (16. Rd2 $5 {looks like the critical move and a
possible reason why 13...g6 above deserves considering.} a6 17. Qd1 (17. dxc5
bxc5 18. Qd1 Qa5 $132 {[%cal Ga8d8]} 19. Bxf6 Bxf6 20. Nxd5 Bxd5 21. Rxd5 Bxb2
$132) 17... c4 18. Ne5 b5 19. f4 Ng7 20. Qf3 {with interesting play all over
the board.}) 16... Rc8 $1 {Another move which took me a lot of time. Actually,
it was the first move crossing my mind, but somehow I wanted to be sure. Black
keeps developing by putting the enemy queen under some latent pressure at the
same time.} ({During the game I tried to make} 16... Ne4 {work, but discovered
that after} 17. Nxe4 dxe4 18. dxc5 Qc8 19. Bxe7 exf3 {White has} 20. c6 $1 $16
{killing my play.}) 17. Ne5 {The only logical continuation after the queen
retreat. White tries to start a sacrificial mating attack.} ({Inserting} 17.
dxc5 bxc5 {before} 18. Ne5 {would be a serious concession. I could play
ultra-solid with} Nf8 {when} 19. f4 {fails ti ensure the desired stability in
the centre.} c4 $5 {[%cal Gd8b6]}) 17... Ne4 18. Nxe4 (18. Bxe7 Qxe7 19. dxc5
Rxc5 $15 {[%csl Gc2][%cal Ge4c3,Gb2c3,Ge7f6]}) 18... Bxh4 19. Nc3 ({Against} 
19. dxc5 {I had prepared} Nxc5 $1 20. Nxf7 Nxe4 $1 21. Nxd8 Rxc2 $15 {[%csl
Gc6,Gc7,Gc8][%cal Gh4d8]}) 19... Bf6 $1 {This move invites (and actually
forces) the obviously insufficient knight sacrifice.} ({With the pawn on d4
still,} 19... Nf8 20. f4 $14 {looks active for White.}) (19... cxd4 $5 {
was entirely playable, though, but I did not evaluate accurately the following
line:} 20. Nxf7 Qf6 21. Nxh6+ Kg7 22. Ng4 Qg5 $17 {I failed to notice that the
knight was trapped!}) 20. Nxf7 (20. Nf3 cxd4 21. exd4 Rc4 $17) 20... Kxf7 21.
Qxg6+ Ke7 {With more time on the clock and a perfect regrouping I should have
had no problems winning this position, but somehow I managed to create
problems to myself!} 22. Qh7+ (22. Qxh6 Rh8 23. Qg6 Qg8 $17) 22... Bg7 23. dxc5
(23. Bf5 Kf8 $19) 23... Rxc5 (23... bxc5 24. Be4 $44 Rh8 25. Qf5 Bxc3 26. Bxd5
Bxd5 27. Rxd5 Qf8 28. Qd3 $36) 24. Ne2 ({I intended to meet} 24. Rd4 {with the
calm regrouping} Kf8 $5 (24... Rh8 25. Qf5 Bxd4 26. exd4 $132 {[%cal Ge1e6]
looked too messy to me.}) 25. Rg4 d4 26. Rd1 Rg5 $19) 24... Kf8 25. Ng3 d4 26.
Rxc5 bxc5 27. Nf5 Qg5 28. e4 Ba6 ({I invested a lot of time in analysing} 28...
Nf4 {without finding the crucial move:} 29. g3 Bxe4 30. Bxe4 Rxe4 31. Nxg7 (31.
Qxg7+ Qxg7 32. Nxg7 Ne2+ 33. Kf1 Kxg7 $19) 31... Re5 $3 $19 {The rook retreats
from the attacked square, trapping the knight.}) 29. h4 Qf6 30. Re1 {[%cal
Ge4e5] Things got a bit more concrete than I expected them.} d3 ({After} 30...
Nf4 31. Nxg7 {I once again missed a quiet rook move:} Re7 $1 (31... Qxg7 32.
Qf5+ Qf7 33. Qxc5+ Kg8 34. Qxd4 $15)) 31. Re3 d2 32. Bc2 Nd4 $2 {This throws
the win away.} (32... Rd8 $5 {is one of the strong available moves.} 33. Bd1
Bd3 34. b3 (34. Rf3 Bxe4 $1) 34... Rd7 $19) 33. Nxd4 Qxd4 34. Rf3+ Bf6 ({
I noticed in time that} 34... Ke7 35. e5 $1 {would be at least OK for White.})
35. Qh8+ $2 (35. Qxh6+ $2 Ke7 $19) ({In mutual time trouble already, we both
missed} 35. e5 $1 {Black has nothing better than} d1=Q+ 36. Bxd1 Qxd1+ 37. Kh2
Qxf3 38. gxf3 Bxe5+ 39. Kh1 Bg7 $13) 35... Ke7 36. Qh7+ Kd8 37. Bd1 Rxe4 38.
Qxa7 Re1+ 39. Kh2 Qxh4+ ({Immediately after my opponent resigned, my old
friend Rodrigo Vazquez reproached me that I had missed mate in three:} 39...
Be5+ $1 40. g3 Qxh4+ 41. Kg2 Qh1# {He was right, but since he was still
playing his own game he risked a penalty from the arbitre for breaking the
rules!}) 40. Rh3 Be5+ 41. g3 Rh1+ $1 (41... Rh1+ {To my defence, I must say
that my line was also mating, only that after a few more moves:} 42. Kxh1 Qxh3+
43. Kg1 Qf1+ 44. Kh2 Qxf2+ 45. Kh1 Qe1+ 46. Kg2 Qxg3+ 47. Kh1 Qh2#) 0-1

[Event "ROM-chT"]
[Site "Calimanesti"]
[Date "2014.11.08"]
[Round "1.3"]
[White "Ionescu, Constantin"]
[Black "Marin, Mihail"]
[Result "0-1"]
[WhiteElo "2441"]
[BlackElo "2581"]
[Annotator "Marin,M"]
[PlyCount "184"]
[EventDate "2014.11.08"]
[EventType "team-tourn"]
[EventRounds "9"]
[EventCountry "ROU"]
[SourceTitle "CBM 164"]
[Source "ChessBase"]
[SourceDate "2015.01.15"]
[SourceVersion "1"]
[SourceVersionDate "2015.01.15"]
[SourceQuality "1"]
[WhiteTeam "Terchirghol Victoria"]
[BlackTeam "Bucharest Apa Nova"]
[WhiteTeamCountry "ROU"]
[BlackTeamCountry "ROU"]

{Over the decades, Constantin has been a very difficult opponent for me. I
defeated him in a classical game only once - 29 years ago. Along the way I
lost four games, sometimes being completely outplayed, in some others pushing
too hard for a win. When we sat down for the team championship first round
game I had some secret hopes to improve our direct score, since recently I had
discovered a deadly weapon against 1.d4.} 1. d4 d5 2. c4 e6 3. Nc3 Nf6 4. Bg5
Nbd7 5. e3 h6 6. Bh4 Be7 7. Nf3 O-O 8. Rc1 b6 9. Bd3 Bb7 10. O-O c5 11. cxd5
exd5 {Afetr so many years of struggling with fianchetto Indian systems, I came
to the conclusion that the centre is very important after all. The Tartakower
System is one of the very few in the whole of theory which allowis Black to
have a pawn advantage in the centre. The only thing Black should take care of
is avoiding losing it.} 12. b3 {A rare continuation. This kind of prophylaxis
is typical of Constantin's style. White prevents ...c5-c4 and may think of
transferring the queen to b2.} ({A few weeks earlier I had lost badly after} 
12. Qc2 c4 13. Bf5 a6 14. Ne5 b5 15. f3 (15. f4 Re8 16. Kh1 Nf8 {/\...N6d7})
15... Re8 (15... Nxe5 $1 16. dxe5 Nd7 17. Bxe7 (17. Bg3 Bc5 18. Rce1 Re8 $15)
17... Qxe7 18. f4 Nc5 19. Rcd1 Rad8 20. Ne2 f6 $132) 16. Kh1 Nf8 17. g4 Bd6 (
17... N6d7 $1 18. Bxe7 Qxe7 19. f4 $13) 18. f4 b4 $5 (18... Qc7 19. Qg2 $16 {
Hawkins,J (2533)-Marin,M (2583) Douglas 2014 (1-0, 32)}) 19. Na4 Qc7 20. g5 (
20. Qg2 N6h7 {/\...f6, ...Bc6}) 20... hxg5 21. fxg5 Bxe5 (21... Ne4 22. Bxe4
Bxe5 23. g6 $1 $40) 22. gxf6 g6 23. Rg1 $36) (12. Bf5 Re8 13. Qa4 Nf8 {Ma,Z 
(2459)-Marin,M (2579) Benasque 2014 CBM 161 [Marin,M] (0-1, 41)}) 12... Rc8 {
A good developing move, but Black could have played more actively.} (12... Ne4
$5 13. Bxe7 Qxe7 $11 14. Qe2 ({I was not sure about} 14. dxc5 bxc5 15. Bxe4
dxe4 16. Nd2 {but after the game I discovered that} Ne5 $15 {is possible, with
the inevitable invasion of the d3-square.} 17. Ncxe4 Rad8 18. Qe2 Nd3 19. Rc4
Ba6 20. Ra4 Bb5 21. Ra5 a6 $17 {[%csl Ga5,Gf1]}) 14... Rac8 15. dxc5 Ndxc5 $5
16. Nb5 Ba6 17. Nfd4 Nxd3 18. Qxd3 Rc5 19. a4 Rfc8 20. Rxc5 bxc5 21. Nf5 Qe6
22. Qxd5 Qxd5 23. Ne7+ Kf8 24. Nxd5 Rd8 25. Rd1 Bb7 $11 {[%csl Gb3] X Pb3}) 13.
Ne5 $6 {Kasparov,G (2690)-Beliavsky,A (2570) Candidates qf2 1983 (5) 1-0 This
hurried centralising will backfire. My opponent might have mixed up things
with a famous (in our best times) game} (13. Bf5 g6 14. Bxf6 Bxf6 15. Bh3 cxd4
16. Nxd4 (16. exd4 Bg7) 16... Rc5 $11) 13... Nxe5 14. dxe5 Ne4 {With
Kasparov's bishop on f5, Beliavsky could not move forward due to Nxd5! but the
way it is White suddenly has problems with his e5-pawn.} 15. Bxe4 (15. Bxe7
Qxe7 16. f4 Rcd8 17. Qh5 Nxc3 18. Rxc3 {(<c3, no bxc3)} d4 $15) 15... dxe4 16.
Qxd8 Bxd8 17. Bg3 Bc7 $6 {This straightforward attack against the e5-pawn will
eventually be crowned by success.} (17... Bc6 $1 $15) 18. Nb5 Ba6 19. Nxc7 $6 {
Played after a long thought and accompanied by a draw offer.} (19. a4 Bb8 (
19... Rfe8 20. Nxa7 Ra8 21. Nb5 Bxb5 22. axb5 Bxe5 23. Bxe5 Rxe5 24. Ra1 $11) (
19... Bxb5 20. axb5 Rfe8 21. Ra1 Ra8 22. e6 Bxg3 23. exf7+ Kxf7 24. fxg3+ Kg6
25. Rfd1 $44) 20. Rfd1 $11) 19... Bxf1 20. Nd5 Be2 $1 {A strong move, ensuring
the control of the d-file after White retrieves the exchange.} 21. Ne7+ Kh7 22.
Nxc8 Rxc8 $17 {Despite the opposite bishops, the endgame is very difficult for
White. His main worries are connected with the vulnerable queenside.} 23. f3 $5
(23. Rc2 Rd8 $1) 23... exf3 24. Kf2 Rd8 25. gxf3 Rd2 26. Ra1 Bb5+ ({Had I
understood how effective the pawn sacrifice e5-e6 would be, I might have
investigated the consequence s of} 26... Bc4+ $1 {closer.} 27. Ke1 $8 (27. Kg1
Be6 $19 {[%csl Re5,Ge6] /\...Bh3, <Pe5, Bg3}) 27... Re2+ 28. Kd1 Bd3 29. e4 g5
$17) 27. Kg1 g5 28. e4 ({Missing his first chance:} 28. e6 $1 fxe6 29. Bb8 Rd7
$15) 28... Bd7 {[%cal Gd7h3] /\...Bh3 -+} 29. e6 $8 Bxe6 30. Bb8 Rd7 $6 {
This makes the win enormously difficult.} ({I calculated once and again} 30...
a6 $1 31. Ba7 Bh3 32. Bxb6 Bg2 33. Bxc5 Bxf3 $19 {but for some reason I
panicked on the nth checking, thinking} 34. Rf1 $6 {would save the day. And
actually I had seen on my first tour through the lines that} Rg2+ 35. Kh1 Rg3+
{wins on the spot...}) 31. Kf2 $15 a5 32. Ke3 {White has reasonable chances to
hold now.} c4 33. bxc4 Bxc4 34. a4 Rd3+ 35. Kf2 Rb3 36. Bd6 Kg6 37. Be7 Rb2+
38. Kg3 f5 39. exf5+ Kxf5 40. Re1 Rb3 41. Bd6 b5 {After reaching the control,
I could see no way of taking advantage of the weakness of the a4-pawn.} 42.
axb5 Bxb5 43. Kf2 a4 44. Re3 {With the pawn on a2 already, I would have gladly
exchanged the rooks if I could only get in time for ...Bd1. This would be
followed by the king's march to b1, but the way it is I had to keep the rooks
on the board.} Rb2+ 45. Ke1 Bc4 46. Re5+ Kg6 47. Re4 Rc2 48. Re3 Bb3 49. Re2
Rc6 50. Rd2 Kf5 51. Kf2 Ra6 52. Ba3 Rc6 53. Kg3 h5 {As can be seen, we were
just moving the pieces around. But after a while White will seem to lose a bit
of focus, allowing Black to make some progress.} 54. Kf2 Ke6 55. Re2+ Kd5 56.
Kg3 Rf6 57. Bb2 Rf5 58. Re4 Bc2 59. Rb4 Ke6 60. Rb6+ Kd7 61. Rb4 Bb3 62. h4 {
The computer encourages this move, but I felt that it gave me some chances.}
Kc6 63. hxg5 Rxg5+ 64. Kh4 Rf5 (64... Rg2 65. Ba3 Ra2 66. Bc1 Ra1 67. Bb2 Rh1+
68. Kg3 {keeps things under control for White.}) 65. f4 Rd5 66. Bd4 Bd1 67. Bb2
Rd2 68. f5 Rh2+ 69. Kg3 Rh1 70. Bc3 Rf1 $17 {Finally, things are not that
simple for White anymore. We were both in the perpetual 30 seconds time
trouble, so I knew that anything could happen.} 71. Rf4 $2 $138 Rxf4 $2 $138 ({
Actually I felt like lightning that} 71... h4+ $1 {should win, but being tired
I could not see why:} 72. Rxh4 Rf3+ 73. Kg2 Rxc3 $19) 72. Kxf4 Bb3 73. Kg5 {
This is good enough for a draw, but not the simplest.} (73. Ke3 $1 a3 74. Kd2
a2 75. Kc1 h4 76. Kb2 h3 77. Be5 $11 {[%csl Ga1,Re5,Rh3] Xa1, /\ BxPh}) 73...
Bf7 74. Kf6 $1 {The only move. Space is getting tight for my bishop.} h4 (74...
Bd5 75. Kg5 $11) (74... Be8 75. Ke7 $11) 75. Kxf7 h3 76. Be5 Kd5 77. Bh2 (77.
f6 Kxe5 78. Kg6 h2 79. f7 h1=Q 80. f8=Q {According to the tablebases, this
should still be a draw, but who would be happy defending this ending with
practically no time left?}) 77... a3 78. f6 a2 79. Kg8 $3 $11 {I was very
disappointed when I saw this move. I had played the opening and the early
middlegame well and then worked hard in the endgame for several hours and all
I was going to get was just another draw against my difficult opponent?} a1=Q
80. f7 Qa2 81. f8=Q Qxh2 82. Qa8+ Kd4 83. Qa4+ Ke3 84. Qa7+ Kf3 85. Qb7+ Kf2
$138 86. Kh7 $4 $138 {Finally, my opponent's exhaustion tells. Constantin
thought I could get my king to the corner after which I could answer his next
check with a counter-check on either g5 or g1.} ({But this was only an optical
illusion:} 86. Qb2+ Kg3 87. Qb8+ Kg2 88. Qb7+ (88. Qb2+ $2 Kh1) 88... Kg1 89.
Qb1+ $1 {[%csl Rh1] Xђh1}) 86... Qe5 $1 $19 {A winning centralising. Even with
little time left I was confident I could win this.} 87. Qa7+ Kf3 88. Qa3+ Kg4
89. Qb4+ Kh5 90. Qb6 h2 91. Qg6+ Kh4 92. Qg2 $6 (92. Qc6 Qh5+ 93. Kg7 Qg4+ 94.
Kh7 (94. Kf7 Kg3 95. Ke7 Qe2+ 96. Kd7 Qd1+) 94... Qh3 95. Qh1 Kg3+ 96. Kg6 Qg2
97. Qe1+ Kh3+) 92... Qh5+ $1 (92... Qh5+ 93. Kg7 Qg5+) 0-1